MARC

LEADER 00000nam0a2200000 4500
001 185520
005 20231031173002.0
010 |a 5335001666 
020 |a RU  |b 89-80735 
035 |a (RuTPU)RU\TPU\book\201234 
090 |a 185520 
100 |a 20101011d1989 m a0rusy5003 ca 
101 0 |a rus 
102 |a UA 
105 |a a z 001zy 
200 1 |a Внутрисхемное диагностирование узлов радиоэлектронной аппаратуры  |f Б. Я. Лихтциндер 
210 |a Киев  |c Тэхника  |d 1989 
215 |a 167,[1] с.  |c ил.  |d 20 см 
320 |a Библиогр.: с. 164-166. (70 назв.) 
610 1 |a радиоэлектронная аппаратура 
610 1 |a техническая диагностика 
610 1 |a РЭА 
610 1 |a контроль 
610 1 |a автоматизация 
610 1 |a узлы 
610 1 |a объекты 
610 1 |a параметры 
610 1 |a цифровые узлы 
610 1 |a аппаратные средства 
610 1 |a программное обеспечение 
675 |a 621.396.6.001.63  |z rus 
700 1 |a Лихтциндер  |b Б. Я.  |g Борис Яковлевич  |4 070 
801 0 |a RU  |b RuMRKP  |c 19950417  |g psbo 
801 1 |a RU  |b 63413507  |c 20101011 
801 2 |a RU  |b 63413507  |c 20120608  |g RCR 
942 |c BK